Marketing management / (Record no. 86297)

MARC details
000 -LEADER
fixed length control field 00561nam a22002057a 4500
005 - DATE AND TIME OF LATEST TRANSACTION
control field 20140811104151.0
010 ## - LCCN (DPL NO)
LC control number ENG-110354
020 ## - INTERNATIONAL STANDARD BOOK NUMBER
International Standard Book Number 9789350623572
Terms of availability 475.00
035 ## - SYSTEM CONTROL NUMBER
System control number EN-93886
037 ## - SOURCE OF ACQUISITION
Source of stock number/acquisition DBAD/PUB
082 ## - DEWEY DECIMAL CLASSIFICATION NUMBER
Classification number 658.8
100 ## - MAIN ENTRY--PERSONAL NAME
Personal name Kazmi, S. H. H.
245 ## - TITLE STATEMENT
Title Marketing management /
Statement of responsibility, etc by S. H. H. Kazmi
250 ## - EDITION STATEMENT
Edition statement 2nd ed
260 ## - PUBLICATION, DISTRIBUTION, ETC. (IMPRINT)
Place of publication, distribution, etc New Delhi
Name of publisher, distributor, etc Excel Books
Date of publication, distribution, etc 2014
270 ## - ADDRESS
Address A-45, Naraina, Phase I
City New Delhi
Postal code 110028
300 ## - PHYSICAL DESCRIPTION
Extent xx,640p.
Dimensions 28cm(pbk)
500 ## - GENERAL NOTE
General note Includes index
942 ## - ADDED ENTRY ELEMENTS (KOHA)
Source of classification or shelving scheme Dewey Decimal Classification
Item type English Books
Call number suffix KAZ
Classification part 658.8
Holdings
Withdrawn status Lost status Not for loan Collection code Home library Current library Date acquired Source of acquisition Cost, normal purchase price Full call number Barcode Copy number Cost, replacement price Koha item type
    Not For Loan Non-fiction D.B.Act.Division D.B.Act.Division 02/07/2014 DBAD/PUB 475.00 658.8 KAZ EN-93886 1 475.00 English Books

© Delhi Public Library
Hit Counter
free hit counter